Corduroy's party / (Record no. 4023)

MARC details
000 -LEADER
fixed length control field 00865cam a2200277 a 4500
005 - DATE AND TIME OF LATEST TRANSACTION
control field 20250818161514.0
020 ## - INTERNATIONAL STANDARD BOOK NUMBER
International Standard Book Number 9780670805204
040 ## - CATALOGING SOURCE
Original cataloging agency DLC
Transcribing agency DLC
Modifying agency DLC
Language of cataloging eng
050 00 - LIBRARY OF CONGRESS CALL NUMBER
Classification number PZ7.C81536
082 00 - DEWEY DECIMAL CLASSIFICATION NUMBER
Classification number 813.54
100 ## - MAIN ENTRY--PERSONAL NAME
Personal name Freeman, Don
245 00 - TITLE STATEMENT
Title Corduroy's party /
Statement of responsibility, etc. pictures by Lisa McCue
260 ## - PUBLICATION, DISTRIBUTION, ETC.
Place of publication, distribution, etc. New York :
Name of publisher, distributor, etc. Viking Penguin Inc. ;
Date of publication, distribution, etc. 1985
300 ## - PHYSICAL DESCRIPTION
Extent 12 unnumbered pages :
Other physical details color illustrations ;
Dimensions 13 cm .
490 ## - SERIES STATEMENT
Series statement Corduroy Bear (Board Book)
505 ## - FORMATTED CONTENTS NOTE
Formatted contents note B <br/>
520 ## - SUMMARY, ETC.
Summary, etc. Everyone has a wonderful time at a teddy bear's birthday party. On board pages.
521 ## - TARGET AUDIENCE NOTE
Target audience note 40 <br/>
Source Lexile estimate <br/>
521 ## - TARGET AUDIENCE NOTE
Target audience note B <br/>
Source Raz-Plus <br/>
650 #1 - SUBJECT ADDED ENTRY--TOPICAL TERM
Topical term or geographic name entry element Parties
General subdivision Fiction.
650 #1 - SUBJECT ADDED ENTRY--TOPICAL TERM
Topical term or geographic name entry element Teddy bears
General subdivision Fiction.
700 1# - ADDED ENTRY--PERSONAL NAME
Personal name McCue, Lisa
Relator term illustrator
906 ## - LOCAL DATA ELEMENT F, LDF (RLIN)
a 7
b cbc
c orignew
d 3
e ocip
f 19
g y-gencatlg
942 ## - ADDED ENTRY ELEMENTS (KOHA)
Source of classification or shelving scheme Dewey Decimal Classification
Koha item type Books
Suppress in OPAC No
999 ## -
-- 4023
-- 4023
Holdings
Withdrawn status Lost status Source of classification or shelving scheme Damaged status Not for loan Collection Home library Current library Shelving location Date acquired Total Checkouts Full call number Barcode Date last seen Date last checked out Copy number Price effective from Koha item type
    Dewey Decimal Classification     Juvenile Fiction Footprints International School Library Network Toul Kork Campus Footprints International School Library Network Toul Kork Campus TK Primary Library Room(4th Floor), Bookcase 7, Shelves 57-60, Dark Green Books 08/18/2025   FRE 813.54 PZ7.C81536 FISBK07011 08/18/2025   2 08/18/2025 Books
    Dewey Decimal Classification     Juvenile Fiction Footprints International School Library Network Toul Tom Poung Campus Footprints International School Library Network Toul Tom Poung Campus TTP Primary Green Bookshelves 05/31/2024 1 FRE 813.54 PZ7.C81536 FISTKKB160 08/14/2025 07/11/2025 1 05/31/2024 Books